[Event "Grand Slam Final 3rd"]
[Site "Bilbao"]
[Date "2010.10.13"]
[Round "4"]
[White "Carlsen, Magnus"]
[Black "Kramnik, Vladimir"]
[Result "1/2-1/2"]
[WhiteElo "2826"]
[BlackElo "2780"]
[Annotator "Kramnik,V"]
[PlyCount "138"]
[EventDate "2010.10.09"]
[EventType "tourn"]
[EventRounds "6"]
[EventCountry "ESP"]
[EventCategory "22"]
[SourceTitle "CBM 139"]
[Source "ChessBase"]
[SourceDate "2010.11.18"]
[SourceVersion "1"]
[SourceVersionDate "2010.11.18"]
[SourceQuality "1"]

1. c4 e5 2. Nc3 Nf6 3. Nf3 Nc6 4. g3 d5 5. cxd5 Nxd5 6. Bg2 Nb6 7. O-O Be7 8.
d3 O-O 9. Be3 Re8 (9... Be6 {is more common. ist geläufiger.}) 10. Rc1 Bf8 11.
Ne4 Nd4 12. Bg5 (12. Nc5 {is the most popular move here. ist der beliebteste
Zug an dieser Stelle.}) 12... f6 13. Nxd4 exd4 14. Bd2 Be6 (14... c6 15. b4 Be6
) 15. b4 (15. Nc5 Bxc5 16. Rxc5 c6 $11 {/\ Bd5}) 15... Bd5 (15... Bxa2 $6 16.
Nc5 $14 Bd5 17. Nxb7 Qd7 18. Nc5 Bxc5 19. Rxc5) 16. a4 c6 (16... f5 {is enough
for equality probably as well. reicht wahrscheinlich auch zum Ausgleich.} 17.
Ng5 (17. Nc5 Bxg2 18. Kxg2 Qd5+ 19. Kg1 a5 $1) 17... Bxg2 18. Kxg2 Qd5+ 19. Nf3
c5 (19... Bd6) 20. bxc5 Bxc5 21. Rb1 Nd7 22. Qb3 Qxb3 23. Rxb3 b6 24. Re1 a5)
17. a5 (17. Re1 f5 (17... a6) 18. Nc5 Bxg2 19. Kxg2 Qd5+ 20. Kg1 a5 21. bxa5
Bxc5 22. axb6 Bxb6 23. Rb1 Ra6 $11) 17... Nc8 (17... Nd7 18. b5 $1 cxb5 $140
19. Nd6 $1) 18. Re1 $6 (18. a6 {is risky, but had to be played, at least it is
the logical continuation of White's previous move. ist riskant, musste aber
gespielt werden, zumindest ist es die logische Fortsetzung des vorigen weißen
Zuges.} b5 (18... bxa6) 19. e3 $13) 18... a6 $1 {Now Black takes the
initiative, transfering his knight to b5, blocking White's play on the
queenside. Nun ergreift Schwarz die Initiative, indem er seinen Springer nach
b5 überführt, was das weiße Spiel am Damenflügel blockiert.} 19. Nc5 (19. Qc2
Na7 $1) 19... Bxg2 20. Kxg2 Qd5+ 21. Kg1 Nd6 22. Qb3 Qxb3 23. Nxb3 Nb5 24. Kf1
Rad8 25. Rc4 Rd5 26. Bc1 Red8 27. Bb2 Kf7 28. Kg2 (28. Nd2 Nc7 $1 {White
should not allow this manoeuvre. Weiß sollte dieses Manöver nicht zulassen.}
29. Rb1 Ne6 {/\ Rb5 sometimes. /\ Rb5 gelegentlich.}) 28... h5 {Black is in
full control of the position, but it is very difficult to break through.
Schwarz hat die Stellung fest im Griff, allerdings ist es sehr schwer
durchzubrechen.} 29. h3 g5 30. g4 Kg6 31. Rf1 Be7 {No need to hurry. Kein
Grund zur Eile.} (31... f5 $6 32. gxf5+ Kxf5 33. e4+ $1 dxe3 34. fxe3+ Kg6 35.
Re4 Rxd3 36. Re6+ Kh7 37. Rf7+ Kg8 38. Rxb7) 32. f4 (32. Rh1 $15 {Probably it
was safer just to stay, although Black can slowly try to improve his position.
Vermutlich war es sicherer, einfach auf der Stelle zu treten, obwohl Schwarz
langsam versuchen kann, seine Stellung zu verbessern.} f5 33. gxf5+ Kxf5 34.
Rg1 Ke6) 32... hxg4 33. hxg4 gxf4 34. Rxf4 Bd6 {Now Black has some chances due
to the better mobility of his remaining pieces. Nun hat Schwarz aufgrund der
besseren Mobilität seiner verbleibenden Figuren ein paar Chancen.} 35. Rf3 Rg5
{Tempting, but the computer prefers Verlockend, aber der Computer bevorzugt} (
35... Re8 36. Kf1 Be5 37. Rh3 Rd7 $15) 36. Bxd4 {A very strange decision. Eine
sehr seltsame Entscheidung.} ({After Nach} 36. Nxd4 $142 Rxg4+ 37. Kf2 {
White should hold without much trouble: sollte sich Weiß ohne große Mühe
halten:} Nxd4 38. Bxd4 f5 39. Bc3) 36... Rxg4+ 37. Kf2 Nxd4 38. Nxd4 Rh8 {
It's getting hot for White. Langsam wird es heiß für Weiß.} 39. e4 Rh2+ 40. Ke3
Rb2 $6 {Again the most tempting, but probably not the best. Wieder am
verlockendsten, aber womöglich nicht am besten.} (40... Rgg2 $1 41. Nf5 Be5 42.
d4 Bb8 $17) 41. Nc2 $6 (41. Rc2 $1 Rxb4 42. Nf5 Be5 43. Rf1 {and strangely
enough, the computer claims that White is ok here. und seltsamerweise
behauptet der Computer, dass die weiße Stellung hier okay ist.}) 41... Rg5 $1 {
White is in serious trouble now. Jetzt ist Weiß in ernsthaften Schwierigkeiten.
} (41... Rg2 42. Rf2) 42. d4 Rb5 {Logical and good enough, but there was an
even better move: Logisch und gut genug, aber es gab einen noch besseren Zug:}
(42... Rg4 $1 {This strange, but very strong possibility did not cross my mind,
but seems to be just winning; White is losing his e-pawn: Diese seltsame, aber
sehr starke Möglichkeit kam mir nicht in den Sinn, scheint aber einfach zu
gewinnen; Weiß verliert seinen e-Bauern:} 43. Kd2 (43. Rc3 Rg2 44. Kd3 Bxb4)
43... Rb1 44. Kd3 Rb3+ 45. Rc3 Rxc3+ 46. Kxc3 Rxe4 $19) 43. Kd3 Bxb4 44. Rxb4
R5xb4 45. Nxb4 Rb3+ 46. Ke2 Rxb4 {On playing Rxb4, I thought this should be a
winning rook endgame, but in fact things are not so simple. Bei Rxb4 dachte
ich, dies sollte ein gewonnenes Turmendspiel sein, tatsächlich aber ist die
Sache nicht so einfach.} 47. Rg3+ {There is no need to push Black's king where
it goes anyway. Es ist nicht nötig, den schwarzen König dahin zu treiben,
wohin er sowieso geht.} (47. Rd3 $142 Rb5 48. Ra3) 47... Kf7 48. Rd3 Ke6 49.
Ke3 Rb5 50. Ra3 c5 $1 (50... f5 {was suggested as an improvement by various
commentators, but does not seem to be true: wurde von verschiedenenen
Kommentatoren als Verbesserung vorgeschlagen, aber dies scheint nicht zu
stimmen:} 51. exf5+ Rxf5 52. Ra4 Rb5 (52... Kd6 53. Kd3 Rb5 54. Kc4) 53. Kd3
Kd5 54. Kc3 {and I could not see how to proceed now, seems to be just a draw.
und jetzt konnte ich nicht sehen, wie es weitergehen soll, scheint einfach
remis zu sein.} Rb1 55. Kc2 Rb5 56. Kc3 Kd6) 51. dxc5 Rxc5 $2 {Just an
automatic reply and in fact a very serious mistake, missing the victory:
Einfach ein automatischer Reflex und tatsächlich ein ganz schwerer Fehler, der
den Sieg ausslässt:} (51... Ke5 $1 {After this move it seems to me that Black
is winning in all lines. Nach diesem Zug scheint mir, dass Schwarz in allen
Abspielen gewinnt.} 52. Rc3 (52. Ra4 $145 $5 {(Mueller,Karsten)}) 52... Rxa5
53. Kd3 (53. c6 bxc6 54. Rxc6 Ra3+ 55. Kd2 Ra4 56. Kc2 a5 {similar to the main
variation ähnlich der Hauptvariante.}) 53... Rb5 54. c6 bxc6 55. Rxc6 Rb3+ 56.
Kc4 Ra3 57. Kb4 Ra1 58. Kb3 a5 59. Kc2 a4 60. Ra6 a3 61. Ra4 a2 62. Kb2 Re1 63.
Kxa2 Rxe4 {winning, the white king is too far away. mit Gewinn, der weiße
König ist zu weit weg.}) 52. Kf4 {I thought I would be able to kick the king
away from f4 and get mine to e5 somehow, but it is not realisable in fact. Ich
dachte, ich würde irgendwie in der Lage sein, den König von f4 zu vertreiben
und meinen nach e5 zu bringen, tatsächlich aber ist das nicht machbar.} Rh5 53.
Rb3 Rb5 (53... Rh4+ 54. Kg3 Rxe4 55. Rxb7 {should be drawish. sollte remislich
sein.}) 54. Ra3 Kd6 55. Ra1 Kc6 56. Ke3 (56. Ra2 {was actually even simpler.
war sogar noch einfacher.}) 56... f5 {This seems to be Black's best chance
here, but it's not enough anyway. Dies scheint hier die beste Chance für
Schwarz zu sein, aber es reicht trotzdem nicht.} 57. exf5 Rxf5 58. Kd3 Rf3+ 59.
Kc4 Rf4+ 60. Kc3 (60. Kb3 $2 {loses after verliert nach} Kb5 61. Kc3 Ra4 62.
Rb1+ Kc6) 60... Kc5 61. Rh1 $1 Rf3+ 62. Kc2 $1 (62. Kb2 Kb4 63. Rh7 Rb3+ 64.
Kc2 Ka4) 62... Ra3 63. Rh7 Kc6 64. Rh6+ Kc7 65. Rh7+ Kb8 66. Rh8+ Ka7 67. Rh5
Re3 68. Kb2 Kb8 69. Rc5 Re6 1/2-1/2

[Event "Gashimov Memorial 6th"]
[Site "Shamkir"]
[Date "2019.04.07"]
[Round "7"]
[White "Carlsen, Magnus"]
[Black "Giri, Anish"]
[Result "1-0"]
[WhiteElo "2845"]
[BlackElo "2797"]
[Annotator "Krasenkow,M"]
[PlyCount "76"]
[EventDate "2019.03.31"]
[EventType "tourn"]
[EventRounds "9"]
[EventCountry "AZE"]
[EventCategory "22"]
[SourceTitle "CBM 190"]
[Source "ChessBase"]
[SourceDate "2019.06.30"]
[SourceVersion "1"]
[SourceVersionDate "2019.06.30"]
[SourceQuality "1"]

{[%evp 0,76,80,-17,-10,-11,-19,-19,-12,-32,-39,-37,-25,-51,41,-8,4,10,2,-4,16,
1,22,-16,-7,3,13,-7,64,49,51,60,47,43,38,40,30,-69,-66,-71,-79,-30,-24,-29,-29,
-25,47,-11,56,17,234,36,111,18,155,167,167,157,148,148,153,136,136,136,140,136,
183,151,223,234,216,221,299,306,306,335,337,328,334]} 1. c4 e5 2. Nc3 Nf6 3.
Nf3 Nc6 4. g3 d5 5. cxd5 Nxd5 6. Bg2 Bc5 7. O-O O-O 8. d3 {A very popular line
recently.} h6 {Black prevents Nf3-g5 and Bc1-g5. This move is new in GM
practice. Alternatives:} (8... Nxc3) (8... Re8) (8... Be6) (8... Bb6) 9. Nxd5 (
9. Bd2 Be6 10. Rc1 (10. Na4 Bb6 11. a3 f5 12. Qc2 Qd6 13. Rac1 Rad8 14. Nxb6
axb6 15. e3 f4 $132 {0-1 (24) Zupe,M (2260)-Fenil,S (2346) Skopje 2018}) 10...
Bb6 (10... Nxc3 11. Bxc3 Bd6 12. d4 e4 13. d5 exf3 14. Bxf3 Ne5 15. dxe6 Nxf3+
16. exf3 fxe6 17. Qb3 $16 {1-0 (65) Stanec,N (2512)-Sucher,J (2234) Aschach
2001}) 11. a3 Qd7 $11) 9... Qxd5 10. a3 a5 11. Bd2 Qe6 12. Rc1 Qe7 (12... Bb6
13. Bc3 {[%cal Yf3d2,Yd2c4]}) 13. Bc3 Nd4 (13... a4 $5 14. Nd2 (14. e3 Rd8)
14... Be6 {as} 15. Bxc6 bxc6 {is hardly dangerous for Black}) 14. e3 Nxf3+ 15.
Qxf3 Bd6 16. Qh5 c6 17. f4 $1 $36 {[%mdl 512]} exf4 18. gxf4 Qxe3+ $2 {This
acceptance of White's pawn sacrifice leads to a surprisingly fast defeat.} (
18... Kh7 $14 {[%cal Yg7g6]}) 19. Kh1 Rd8 $2 (19... f6 $8 20. Be4 {[%cal Rh5g6,
Rf1g1]} Qh3 21. Qg6 Bg4 $1 22. Qh7+ Kf7 23. Bg6+ Ke6 24. Rce1+ Kd7 25. Qxg7+
Kc8 {, and Black avoids disaster, although after} 26. Be4 {White keeps strong
pressure.}) 20. Rce1 Qc5 (20... Qxd3 21. f5 {etc.}) 21. f5 {[%mdl 128]} Bf8 22.
Be4 Rd5 {Of course, White doesn't accept this exchange sacrifice. Instead, he
continues his attack.} 23. Rf3 $1 b5 24. Rg1 Ra7 25. Bf6 (25. Rfg3 {was
already possible but a line like this is too hard to calculate:} Bxf5 26. Rxg7+
Bxg7 27. Rxg7+ Kf8 28. Qxh6 Ke8 29. Qh8+ Ke7 30. Qh4+ Kd6 (30... Ke8 31. Rg8+)
31. Qf6+ Be6 (31... Kc7 32. Bxf5 Rxf5 33. Rxf7+ $18) 32. b4 $1 Qe3 33. Bxd5
cxd5 34. Bd4 $18) 25... g6 26. Qh3 (26. Rxg6+ $5 fxg6 27. Qxg6+ Bg7 (27... Rg7
28. Bxg7 Bxg7 29. Rg3 $18) 28. Bc3 $18 {[%cal Rf5f6]}) 26... Rd6 27. Qh4 Rxf6
28. Qxf6 Be7 29. Qxc6 Qxc6 30. Bxc6 $18 {Black has avoided direct mate but
this endgame is technically winning for White.} Kg7 31. fxg6 fxg6 32. d4 a4 33.
d5 b4 34. Be8 Bg5 35. h4 Bxh4 36. Rxg6+ Kh7 37. Rc6 Bg4 38. Rf4 Rg7 (38... Rg7
39. Bg6+ $18) 1-0

[Event "Reggio Emilia 9697 39th"]
[Site "Reggio Emilia"]
[Date "1997.01.02"]
[Round "7"]
[White "Razuvaev, Yuri S"]
[Black "Krasenkow, Michal"]
[Result "1/2-1/2"]
[WhiteElo "2560"]
[BlackElo "2605"]
[Annotator "Krasenkow,M"]
[PlyCount "52"]
[EventDate "1996.12.26"]
[EventType "tourn"]
[EventRounds "9"]
[EventCountry "ITA"]
[EventCategory "11"]
[SourceTitle "CBM 057"]
[Source "ChessBase"]
[SourceDate "1997.04.01"]
[SourceVersion "1"]
[SourceVersionDate "1997.04.01"]
[SourceQuality "1"]

1. c4 e5 2. Nc3 Nf6 3. Nf3 Nc6 4. g3 d5 5. cxd5 Nxd5 6. Bg2 Nb6 7. O-O Be7 8.
a3 O-O 9. b4 Be6 10. Rb1 f6 11. d3 Nd4 12. Nxd4 exd4 13. Ne4 Ba2 $6 $146 (13...
Bd5) 14. Ra1 (14. Nc5 $1 Bxb1 15. Qb3+ Rf7 16. Nxb7 Qd7 17. Qxb1 $44) 14... Bd5
15. Bb2 f5 16. Nd2 Bxg2 17. Kxg2 Qd5+ 18. Nf3 $6 (18. Kg1 $1 a5 (18... c5 19.
bxc5 Bxc5 20. a4 $1 Bb4 21. a5 Bxa5 22. Bxd4 $14) (18... Bf6 19. Rc1 $14) 19.
Qb3 axb4 20. axb4 Qxb3 21. Nxb3 Bxb4 22. Nxd4 $14) 18... c5 $1 $10 19. bxc5
Bxc5 20. a4 Nd7 21. Ba3 b6 22. Qd2 {/\23.Qa2} Kh8 $1 23. Kg1 f4 24. Qa2 Qc6 (
24... Qh5 25. Qe6 $132) 25. Bxc5 (25. Ng5 Qg6 $10) 25... bxc5 26. Rac1 fxg3 (
26... Qh6 27. Qd5 $132) (26... Qd6 27. Ng5 {/\28.Ne4}) (26... fxg3 27. fxg3 (
27. hxg3 $2 Rxf3 28. exf3 Ne5) 27... Qh6 28. Qd5 Qe3+ 29. Kh1 Nb6 (29... Qxe2
30. Rce1 Nb6 (30... Qxd3 31. Qxd7 $16) 31. Qb3 c4 32. dxc4 Qxc4 33. Qxc4 Nxc4
34. Nxd4 $10) 30. Qxc5 Qxe2 31. Nd2 $1 Rfd8 (31... Nd7 32. Qxd4) (31... Kg8 32.
a5) 32. Ne4 Qxd3 33. Ng5 $44 Kg8 (33... Nxa4 $2 34. Qc6 Rf8 35. Nf7+ Kg8 36.
Qd5 $18) 34. a5 h6 (34... Nd5 $2 35. Rf8+ $1 $18) 35. Rf3 $1 Qd2 36. axb6 Qxg5
37. Qxg5 hxg5 38. b7 Rab8 39. Rc7 d3 40. Rff7 Kh7 (40... d2 41. Rxg7+ $10) 41.
Rxg7+ Kh6 42. Rgd7 d2 43. Rc6+ Kh5 44. Rcd6 $10) 1/2-1/2

[Event "Baden-Baden"]
[Site "Baden-Baden"]
[Date "1992.12.12"]
[Round "7"]
[White "Lautier, Joel"]
[Black "Hertneck, Gerald"]
[Result "1-0"]
[WhiteElo "2580"]
[BlackElo "2580"]
[Annotator "Lautier,J"]
[PlyCount "79"]
[EventDate "1992.12.??"]
[EventType "tourn"]
[EventRounds "11"]
[EventCountry "GER"]
[EventCategory "14"]
[SourceTitle "CBM 033"]
[Source "ChessBase"]
[SourceDate "1993.04.01"]
[SourceVersion "1"]
[SourceVersionDate "1993.04.01"]
[SourceQuality "1"]

1. c4 {Ribli} Nf6 2. Nc3 e5 3. Nf3 Nc6 4. g3 Bb4 5. Bg2 O-O 6. O-O d6 7. d3 h6
(7... Bxc3 $5 {Ribli} 8. bxc3 e4 9. Nd4 exd3 10. exd3 Nxd4 11. cxd4 c6 12. Rb1
Re8 13. Bf4 d5 14. Qd2 b6 15. h3 Bf5 16. g4 Be6 17. c5 h5 $13 {Milos,G-Ricardi,
P Buenos Aires Najdorf 1991 CBM/24}) (7... Re8 {Ribli} 8. Nd5 Nxd5 9. cxd5 Ne7
10. e4 c6 11. d4 cxd5 12. dxe5 dxe4 13. Ng5 d5 14. Qh5 $36 {Krogius,N-Lhagva,G
Beijing op 1991 EXP/22}) 8. Na4 $5 {>< Bb4.} a5 (8... d5 $6 9. c5 b5 10. a3 $1
Ba5 (10... e4 $2 11. dxe4 dxe4 12. axb4 exf3 13. Bxf3 $18) 11. b4 bxa4 12. bxa5
$16) 9. e3 $5 {/\ d4, a3.} d5 (9... Bc5 $5 {Ribli}) 10. a3 (10. c5 b5 11. a3
bxa4 12. axb4 axb4 13. Rxa4 Rxa4 14. Qxa4 Bd7 $10) 10... Be7 (10... Bd6 11.
cxd5 Nxd5 12. Nd2 Be6 13. Qc2 Qe7 14. Ne4 $14) 11. cxd5 Nxd5 12. Qc2 Qd6 $5 13.
Nd2 (13. b3 $5 b5 14. Nc3 Nxc3 (14... Qc5 $2 15. Nxe5 $1 $16) 15. Qxc3 b4 16.
Qc2 (16. axb4 $6 axb4 17. Qb2 Rxa1 18. Qxa1 Qxd3 19. Nxe5 Nxe5 20. Qxe5 Bd6 $15
) 16... Ba6 17. Rd1 $14) 13... b6 $6 (13... Rd8 14. Ne4 Qg6 $14) 14. b3 Bd7 $6
(14... Bb7 15. Bb2 Rfd8 16. Rac1 Bf8 $1 17. Rfd1 {/\ Nc3, >< Nc6.} Qe6 18. Nc3
Nce7 $1 $14) 15. Bb2 Rac8 16. Nc4 Qe6 17. e4 $1 Nf6 18. f4 $16 Bd6 (18... Nd4
19. Bxd4 exd4 20. f5 Qc6 21. e5 Nd5 22. Qf2 $16) 19. Nxd6 (19. fxe5 Bxe5 (19...
Nxe5 $2 20. Nxe5 Bxe5 21. d4 $18) 20. Nxe5 Nxe5 21. d4 Bxa4 22. bxa4 Qc4 {
with counterplay.}) 19... cxd6 (19... Qxd6 {Ribli} 20. fxe5 Nxe5 21. d4 Qc6 22.
Nc3 $18) 20. Nxb6 Nd4 21. Qd1 Rb8 22. Bxd4 exd4 23. Nc4 a4 $5 24. bxa4 d5 25.
exd5 Qa6 (25... Nxd5 26. f5 Qc6 27. f6 $1 $18 {with the idea Qh5.}) 26. Qd2
Bxa4 $6 (26... Qxa4 27. Rfb1 $16) 27. Qa5 $1 Qb5 28. Qxb5 Rxb5 29. Rfb1 $18
Rxb1+ (29... Rfb8 30. Rxb5 Rxb5 31. d6 $18) 30. Rxb1 Bc2 31. Rb4 Ra8 (31...
Bxd3 32. Ne5 $18) 32. d6 Rd8 33. a4 Ne8 (33... Bxd3 {Ribli} 34. Ne5 $18) 34. a5
Nxd6 35. Ne5 f6 36. Rxd4 $1 fxe5 37. fxe5 Nf7 38. Rxd8+ Nxd8 39. a6 Ne6 40. Bd5
1-0

[Event "FRA-chT"]
[Site "France"]
[Date "1996.??.??"]
[Round "?"]
[White "Lautier, Joel"]
[Black "Sulypa, Oleksandr"]
[Result "1-0"]
[WhiteElo "2630"]
[BlackElo "2430"]
[Annotator "Lautier,J"]
[PlyCount "95"]
[EventDate "1996.??.??"]
[EventType "team"]
[EventRounds "11"]
[EventCountry "FRA"]
[SourceTitle "CBM 054"]
[Source "ChessBase"]
[SourceDate "1996.10.01"]
[SourceVersion "1"]
[SourceVersionDate "1996.10.01"]
[SourceQuality "1"]

1. c4 e5 2. Nc3 Nc6 3. Nf3 Nf6 4. g3 Bb4 5. Nd5 Bc5 6. d3 h6 7. Bg2 d6 8. e3 a6
9. O-O O-O 10. a3 Ba7 11. Nc3 $5 Rb8 $6 (11... Be6 $142) 12. Qc2 (12. b4 $14)
12... Be6 13. b4 (13. h3 Qd7 14. Kh2 d5 15. cxd5 Nxd5 16. Na4 $14) 13... Qd7
14. Rd1 b5 $6 (14... Bh3 15. Bh1 (15. Bxh3 Qxh3 16. Nd5 Ng4 (16... Nxd5 $2 17.
cxd5 Ne7 18. Qxc7 Nxd5 19. Qxd6 Nc3 20. Re1 (20. Rd2 e4 $132) 20... Rbd8 21.
Qxe5 Rxd3 22. Bb2 $16) (16... Ne8 17. b5 Nd8 $10) 17. Nxc7 f5 $44) 15... Ng4
16. d4 $14) 15. Bb2 Bg4 16. Rd2 $6 (16. Ne2 $1 Rfc8 17. c5 $1 $36) 16... Rfc8
$1 {/\ Ne7, c5} 17. Rc1 Ne7 18. cxb5 axb5 19. d4 $6 exd4 $6 (19... Bxf3 20.
Bxf3 exd4 21. exd4 d5 $1 22. Ne2 c6 (22... Ng6 $6 23. Qc6 $14) 23. Nf4 Nf5 $15
{/\ Nd6}) 20. Nxd4 c5 21. Nb3 Qe6 (21... cxb4 22. axb4 Nc6 $2 23. Ne4 $1 Nxb4 (
23... Nd4 24. Nxf6+ gxf6 25. Nxd4 Rxc2 26. Rdxc2 $16) 24. Nxf6+ gxf6 25. Qe4
$16) 22. Na5 $1 {/\ Nb7} Bh3 23. Bh1 d5 24. bxc5 Bxc5 25. Nb3 Ba7 26. Nd4 $14
Qa6 27. Qd3 Rc4 28. Nc2 $5 Bf5 29. Qf1 Ne4 (29... Be4 30. Nxe4 Nxe4 31. Rdd1
$14) 30. Nxe4 Bxe4 31. Nb4 Qe6 32. Rcd1 Bxh1 $6 (32... Rd8 $142) 33. Kxh1 Rd8
34. Qg2 Re4 35. Qf3 $6 (35. Bd4 $1 $16) 35... f5 $2 $138 (35... Bc5 $1 36. Nd3
Bd6 $14) 36. Bd4 $16 Bxd4 37. Rxd4 Rxd4 $6 38. Rxd4 Ra8 $2 39. Nxd5 Nxd5 40.
Rxd5 Rxa3 41. Qxf5 $18 Qxf5 42. Rxf5 b4 43. Rb5 Ra2 44. Kg2 Rb2 45. Rb7 Rb1 46.
h4 Rb2 47. Kf3 Kf8 48. h5 1-0